Normal view
MARC view
Entry Geographic Name
001 - CONTROL NUMBER
- control field: 23113
003 - CONTROL NUMBER IDENTIFIER
- control field: BD-DhEWU
005 - DATE AND TIME OF LATEST TRANSACTION
- control field: 20181016204944.0
008 - FIXED-LENGTH DATA ELEMENTS
- fixed length control field: 181016|| aca||aabn | a|a d
040 ## - CATALOGING SOURCE
- Original cataloging agency: BD-DhEWU
- Transcribing agency: BD-DhEWU
151 ## - HEADING--GEOGRAPHIC NAME
- Geographic name: United States
- General subdivision: Politics and government
- Chronological subdivision: 1857-1861.
670 ## - SOURCE DATA FOUND
- Source citation: Work cat.: (BD-DhEWU)0: Lincoln, Abraham, 1809-1865. 23111, Speeches and writings, 1859-1865 :, c1989.